| 000 | 00552nam a2200181Ia 4500 | ||
|---|---|---|---|
| 003 | GCL | ||
| 008 | 140319s9999 xx 000 0 eng d | ||
| 040 |
_aGCL / _cGCL |
||
| 082 | 0 | 4 |
_aCC _b027.4962 _bI B |
| 100 | 1 | _aISMAIL SERAGELDIN | |
| 245 | 1 | 0 |
_aBIBLIOTHECA ALEXANDRINA : _bTHE REBIRTH OF THE LIBRARY OF ALEXANDRIA / _cISMAIL SERAGELDIN |
| 260 |
_aالقاهرة : _bLIBRARY OF ALEXANDRIA ، _c2002 |
||
| 300 |
_a30 CM ؛ _c87 P |
||
| 650 | 0 | 4 | _aALEXANDRIA LIBRARY |
| 650 | 0 | 4 | _aLIBRARIES - PUBLIC |
| 650 | 0 | 4 | _aLIBRARIES - EGYPT |
| 942 |
_2ddc _cBK |
||
| 999 |
_c5730 _d5730 |
||